000 00877nam a2200277Ia 4500
003 OSt
005 20220928115358.0
006 a|||||r|||| 00| 0
007 ta
008 220927b |||||||| |||| 00| 0 eng d
020 _cEURO 64.99
024 _a144798
037 _b14, 01/03/2021, Shivam Book Service
_cTextual
040 _aSDCL
_cSDCL
_beng
041 _2eng
_aeng
082 _aX:(G:55), Q9
100 _aBuchholz Wolfgang
_9444053
245 0 _aFoundations of environmental economics
260 _aSwitzerland
_bSpringer
_c2019
300 _axi,163p.
_ccm.
490 _aSpringer texts in business and economics
650 _aBusiness Economics and Finance
700 _a Rubbelke Dirk
_9444054
942 _hX:(G:55), Q9
_cTEXL
_2CC
999 _c759180
_d759180